Mi Cristo roto / (Registro nro. 3232)
[ vista simple ]
| 000 -LEADER | |
|---|---|
| fixed length control field | 01381nam a2200193 a 4500 |
| 008 - CAMPO DE CONTROL (LIBRO) | |
| fixed length control field | 180918e1995 ag ||||g||||| 00| 1|spa d |
| 020 ## - INTERNATIONAL STANDARD BOOK NUMBER | |
| ISBN | 9505000367 |
| 041 ## - CODIGO DE IDIOMA | |
| Código de idioma del texto/pista de sonido o título separado | spa |
| 092 ## - SIGNATURA TOPOGRAFICA DEWEY LOCAL | |
| número de clasificación | 808 |
| libristica | 14 |
| sección | CUE |
| 100 1# - ENTRADA PRINCIPAL--NOMBRE PERSONAL | |
| Nombre personal | Cue, Ramón. |
| 9 (RLIN) | 4289 |
| 245 ## - TITULO PROPIAMENTE DICHO | |
| Título | Mi Cristo roto / |
| Mención de responsabilidad y remanente de la transcripción de la portada | Ramón Cue |
| 250 ## - MENCION DE EDICION | |
| Mención de edición | 20a ed. |
| 260 ## - PIE DE IMPRENTA | |
| Lugar de publicación, distribución, etc | Buenos Aires: |
| Nombre de la editorial, distribuidor, etc | Editorial Guadalupe; |
| Fecha de publicación | 1995. |
| 300 ## - DESCRIPCION FISICA | |
| Extension | 142 p. |
| 500 ## - NOTA GENERAL | |
| Nota general | Cue, R. (1995). Mi Cristo roto. (20a ed.). Buenos Aires : Editorial Guadalupe. |
| 505 ## - NOTA DE CONTENIDO | |
| Nota de contenido formateada | "Es una charla íntima, sencilla, insignificante". Así comienza el P. Cue este relato conmovedor, entrañable y profundo. El relato del encuentro del hombre con Cristo. Un Cristo manco, cojo, sin cara, sin cruz. Un Cristo que no quiere ser restaurado porque desea que le prestemos nuestros brazos para encerrar en ellos a todos los hombres, nuestras piernas para que le llevemos por todos los caminos, nuestros ojos para mirar todas las desdichas, nuestros oídos para escuchar todas las quejas. Un Cristo que no quiere ser restaurado porque quiere que en su rostro veamos todos los rostros, que sobre sus espaldas carguemos todas nuestras cruces. Entremos con el P. Cue en este profundo diálogo con el pequeño Cristo roto, y dejemos que nos conduzca con él por esta visión nueva y al mismo tiempo repetida, del amor insondable de Dios. |
| 655 ## - MATERIA - GENERO/FORMA | |
| Género/Forma | Literatura |
| -- | 2917 |
| 942 ## - ADDED ENTRY ELEMENTS (KOHA) | |
| Source of classification or shelving scheme | Dewey Decimal Classification |
| Item type | LITERATURA |
| Estado de retiro | Existencia | Fuente de clasificación | Estado general | No para prestamo | Ubicación permanente | ubicación actual | Sala de ubicación | Fecha de adquisición | Fuente de adquisición | Total Checkouts | Número de clasificación | Código de barras | Date last seen | Número de ejemplar | Price effective from | Koha tipo de elemento (item) | Public note | Coded location qualifier |
|---|---|---|---|---|---|---|---|---|---|---|---|---|---|---|---|---|---|---|
| Dewey Decimal Classification | Biblioteca Medicina | Biblioteca Medicina | Circulación | 12/12/2024 | Donación Diciembre 2024. Sede Tordos. | 808 14 CUE | 4973 | 13/12/2024 | Ej.1 | 13/12/2024 | LITERATURA | Donación Diciembre 2024. Sede Tordos. |